00444nam a2200193Ia 4500003000900000008004100009040001300050040001300063041000800076100001900084245004600103250002200149260002100171260000900192300001100201300001200212490001900224490000700243IT-RoPAU120407s9999 xx 000 0 und d aIT-RoPAU cIT-RoPAU aita aRené Fourrey aVita autentica del Curato d’Ars. 2a ed. aCinisello Balsamo aEdizioni Paoline c1986 a399 p. c21,5 cm aI protagonisti v13